Warren Hastings / (Record no. 18409)

MARC details
000 -LEADER
fixed length control field 00846cam a2200289 i 4500
001 - CONTROL NUMBER
control field 3184276
003 - CONTROL NUMBER IDENTIFIER
control field BDDh-ASL
005 - DATE AND TIME OF LATEST TRANSACTION
control field 20231015025715.0
008 - FIXED-LENGTH DATA ELEMENTS--GENERAL INFORMATION
fixed length control field 760916s1975 enkacf b 001 0beng
010 ## - LIBRARY OF CONGRESS CONTROL NUMBER
LC control number 76365256
015 ## - NATIONAL BIBLIOGRAPHY NUMBER
National bibliography number GB75-28884
020 ## - INTERNATIONAL STANDARD BOOK NUMBER
International Standard Book Number 0450025888 :
Terms of availability £4.25
040 ## - CATALOGING SOURCE
Original cataloging agency DLC
Transcribing agency DLC
Modifying agency BDDh-ASL
043 ## - GEOGRAPHIC AREA CODE
Geographic area code a-ii---
050 00 - LIBRARY OF CONGRESS CALL NUMBER
Classification number DS473
Item number .T87
082 00 - DEWEY DECIMAL CLASSIFICATION NUMBER
Classification number 923.154
Edition number 19
Item number TUW
100 1# - MAIN ENTRY--PERSONAL NAME
Personal name Turnbull, Patrick.
245 00 - TITLE STATEMENT
Title Warren Hastings /
Statement of responsibility, etc. by Patrick Turnbull.
260 ## - PUBLICATION, DISTRIBUTION, ETC.
Place of publication, distribution, etc. London :
Name of publisher, distributor, etc. New English Library,
Date of publication, distribution, etc. 1975.
300 ## - PHYSICAL DESCRIPTION
Extent 232 p., [4] p. of plates :
Other physical details ill., ports. ;
Dimensions 22 cm.
500 ## - GENERAL NOTE
General note Includes index.
504 ## - BIBLIOGRAPHY, ETC. NOTE
Bibliography, etc. note Bibliography: p. 230.
600 10 - SUBJECT ADDED ENTRY--PERSONAL NAME
Personal name Hastings, Warren,
Dates associated with a name 1732-1818.
651 #0 - SUBJECT ADDED ENTRY--GEOGRAPHIC NAME
Geographic name India
General subdivision History
Chronological subdivision 18th century.
906 ## - LOCAL DATA ELEMENT F, LDF (RLIN)
a 7
b cbc
c orignew
d u
e ncip
f 19
g y-gencatlg
942 ## - ADDED ENTRY ELEMENTS (KOHA)
Source of classification or shelving scheme Dewey Decimal Classification
Koha item type Books
Holdings
Withdrawn status Lost status Source of classification or shelving scheme Damaged status Not for loan Collection code Home library Current library Shelving location Date acquired Source of acquisition Total Checkouts Full call number Barcode Date last seen Copy number Price effective from Koha item type Public note
    Dewey Decimal Classification   Not For Loan Non-fiction Asiatic Society Library Asiatic Society Library Harrison Collection 09/29/2020 Donated by Prof. John B. Harrison   923.154 TUW 101595 09/29/2020 C-1 09/29/2020 Books RARE

Powered by Koha